000 00333nam a2200133Ia 4500
008 240624s9999 xx 000 0 und d
041 _aeng
082 _a005.133 HAL
100 _aHALVORSON MICHAEL
245 _aLEARN MICROSOFT VISUAL BASIC 6 0 NOW
260 _c2001
_aNew Delhi
_bPrentice-Hall
300 _axxvi, : 535
365 _cRS
999 _c299
_d299